00948nam a2200193 a 450000100100000000500170001000800410002704000250006808200150009311000970010824502320020526001360043730000430057370000460061670000210066270000270068370000230071070000210073300002795620200930031230.0110406s2000 dr abd 000 | spa d aDO-SdBNPbspacBNPHU axxxbR426L1 aRepública Dominicana.bPresidencia de la República.bConsejo Nacional de Asuntos Urbanos10aLineamientos de políticas de desarrollo urbano para la ciudad de San Pedro de Macorís /cJulio C. Corral, Rosa A. María, Marcos A. Gómez ; colaboración de Yanilda Rengifo ; prólogo de Mercedes Sabeter de macarrulla. aSantiago de los Caballeros :bConsejo Nacional de Asuntos Urbanos (CONAU);bCentro de Estudios Urbanos y Regionales (PUCMM),c2000. a239 p. :bil., mapas, diagr. ;c28 cm.1 aSabeter de macarrulla, Mercedes,epról.1 aCorral, Julio C.1 aMaría, Rosa A.,eed.1 aGómez, Marcos A.1 aRengifo, Yanilda